| 000 | 00590nam a22001937a 4500 | ||
|---|---|---|---|
| 003 | OSt | ||
| 005 | 20140310182328.0 | ||
| 008 | 130921t xxu||||| |||| 00| 0 eng d | ||
| 050 |
_aLB 1139.5.S35 _b.P53 2009 |
||
| 082 |
_aGS 372.35 _b.P58 2009 |
||
| 100 |
_aPica, Rae _921311 |
||
| 245 |
_aJump into Science : _bactive learning for preschool children / _cRae Pica |
||
| 260 |
_aBeltsville : _bGryphon House, _c2009. |
||
| 300 |
_a131 p. : _bill, ; _c28 cm. |
||
| 541 | _j1 | ||
| 562 | _e1 | ||
| 650 |
_aScience _xStudy and teaching (Early childhood). _921321 |
||
| 942 |
_2lcc _cBK-GS |
||
| 999 |
_c11925 _d11925 |
||